Quizzes
Events
Quiz Creation
Community
Videos
Private Events
Remove Ads
Sign In
Join for FREE
Feedback
Dark Mode
Quiz Categories
Sports
Geography
Music
Movies
Television
Just For Fun
Miscellaneous
History
Literature
Language
Science
Gaming
Entertainment
Religion
Holiday
For Kids
Quiz Lab
Recent
Popular Today
Quiz Kudos Today
Editor Picks
Curator Picks
Quizzes by...
Day
Popularity
Type
Ratings
Length
Year
Community
Subscriptions
Recent Discussions
Orange Saloon
Badges
Playlists
Quests
Create
Leaderboards
Showdown
Live 5
Trivia Bingo
Activity
Puzzle Library
Sporcle Events
Private Events
Virtual Trivia
Globe League
Become a Host
Pub Owners
SporcleCon
Opinionation
Our Games
Videos
Blog
Mobile Apps
Partnerships
Remove Ads and Go Orange
Feedback
Sports
Athletes
MLB
NBA
NHL
NFL
Soccer
Sports Teams
WWE
NCAA
Football
Premier League
Basketball
Baseball
Hockey
Golf
Tennis
Cricket
Rugby
Auto Racing
Olympics
World Cup
Sports
Athletes
MLB
NBA
NHL
NFL
Soccer
Sports Teams
WWE
NCAA
Football
Premier League
Basketball
Baseball
Hockey
Golf
Tennis
Cricket
Rugby
Auto Racing
Olympics
World Cup
Random Quiz
Search Sporcle
×
Quiz Lab
Quiz Lab
Sports
Soccer
Type in answers that appear in a list
Type in answers that appear in a list
Classic
Best Score? Go Orange.
Brazilian Football Museum – Hall of Fame Stats
Can you name the Brazilian Football Museum – Hall of Fame?
By
raphaelpinheiro
10m
25 Questions
334 Plays
334 Plays
334 Plays
Comments
Comments
Give Quiz Kudos
Give Quiz Kudos
-
- Ratings
hide this ad
Replay
Link that replays current quiz
Next Quiz
Link to next quiz in quiz playlist
You Got
0%
They Got
Avg Score
69%
Avg Friend Score
Upgrade to see
Score Distribution
Jump to the score distribution portion of the page
Score
0/25
Timer
10:00
0
Plays Today
Position
Player
% Correct
Striker
Ronaldo
96.7%
Forward/
Attacking Midfielder
Pele
95.5%
Striker
Romario
90.4%
Attacking midfielder
Ronaldinho
90.4%
Attacking midfielder
Rivaldo
87.4%
Forward
Garrincha
85.6%
Forward
Bebeto
84.1%
Attacking midfielder
Zico
83.5%
Left wingback
Roberto Carlos
80.2%
Winger
Jairzinho
76.6%
Goalkeeper
Taffarel
76.6%
Attacking midfielder
Socrates
74.6%
Forward
Tostao
69.5%
Position
Player
% Correct
Midfielder
Rivelino
68.6%
Forward
Vava
68.6%
Central Midfielder
Didi
68.3%
Inside forward/
Left winger
Zagallo
65.9%
Midfielder
Gerson
60.5%
Left back
Nilton Santos
59.9%
Right back
Djalma Santos
57.8%
Central Midfielder
Falcao
56.3%
Goalkeeper
Gilmar
54.8%
Right back
Carlos Alberto Torres
46.4%
Inside Right
Zizinho
35.3%
Right Winger
Julinho
14.4%
Quiz Playlist
Details
Report
Send in Message
Add To Playlist
Classic:
Type in answers that appear in a list
Quiz Source
Last Updated: Feb 16, 2017
Quiz Scoreboard
CHALLENGE
Sign Up to Join the Scoreboard
Show All
Scores
Hide
Comments
May contain spoilers
Recently Published
Presidents Visiting Landmarks
by Hejman
History
7m
An Introduction to Baseball
by treessimontrees
Sports
5m
Movies - When Are They Set?
by FPL_Elf
Movies
5m
More to Explore
Quiz From the Vault
Featured Blog Post
Where Did the Easter Bunny Come From?
hide this ad
You Might Also Like...
Tags
Soccer Quiz
World Cup Quiz
Brazil
Brazilian
Brazilian Championship
Brazilian National
Brazilian Serie
Brazilian Squad
Pelé
Today's Top Quizzes in Sports
Browse Sports
hide this ad
Today's Top Quizzes in Soccer
Browse Soccer
Top Contributed Quizzes in Sports
1
Les meilleurs buteurs des matchs entre le PSG et l’OM
2
2022 World Cup Stars
3
FIFA Club World Cup Champions
4
Les entraîneurs de l'OM et du PSG au 21e siècle
5
Name the Premier League winners with different clubs
6
La finale Lions - Afrique du Sud 2021
7
5-to-1: UK Sports Teams
8
England Test cricketers to play under Nasser Hussain
9
Players with Multiple 50 Home Run Seasons
10
AFC Teams Reveal (Wrong Answers Minefield)
Explore More
Trending Topics
Harry Potter
Disney
Crossword
NBA
Kpop
Marvel
Anime
Song
The Office
Puzzle
Country
Soccer
Pokémon
NFL
WWE
hide this ad
More By:
raphaelpinheiro
Quiz
Plays
Rating
Category
Featured
Created
Brazil's Most capped players
617
5.00
Sports
Mar 28, 2011
Brazilian Football Museum – Hall of Fame
334
5.00
Sports
Mar 28, 2011
Countries against Ronaldo scored on World Cup
223
2.33
Sports
Mar 28, 2011
Brazil's Top goalscorers
168
5.00
Sports
Mar 28, 2011
All-time top scorers in the Brazilian Série A
111
Sports
Mar 29, 2011
Go to Creator's Profile
Score Distribution
Quiz Creator Spotlight
raphaelpinheiro
Follow
Send a Message
Quizzes Created
-
Created Quiz Play Count
-
More By This Creator
Popular Quizzes Today
1
Find the US States - No Outlines Minefield
2
Find the Countries of Europe - No Outlines Minefield
3
The Countries of the World
4
Find the US States
5
Popular People in 1961
6
US States
7
Risky Map Clicking: Biggest States A-Z
8
Movies - When Are They Set?
More Sports Quizzes
David Beckham's Cup Final XI's
Quiz Lab
Trending Quizzes
Risky Map Clicking: Least Populous States A-Z
1-10 Letter G Words
1-10 Letter F Words
Risky Map Clicking: Next State Alphabetically
Risky Map Clicking: Biggest States A-Z
Recently Updated
Leaping Animals
pecheneg
Reality TV Shows (A-Z)
bhenderson79
Rickey Henderson's Hall of Fame Teammates
pecheneg
Champions League XIs: Arsenal
pecheneg
Quick Pick: Celebrities in WWE's Hall of Fame
aduchscher
A-Z Keypad Blitz II
pecheneg
Multiple Oscar Actors
pecheneg
Mystery Phrase Blitz: Oscar 'Best Actors'
pecheneg
F. Scott Fitzgerald Novels
LTH
Pick 3 Villains
ddd62291
Trending Topics
Disney
Anime
Crossword
Harry Potter
NBA
Kpop
Marvel
WWE
Pokémon
Song
Soccer
Puzzle
Country
The Office
NFL
Your Account Isn't Verified!
In order to create a playlist on Sporcle, you need to verify the email address you used during registration. Go to your
Sporcle Settings
to finish the process.
Report this User
Report this user for behavior that violates our
Community Guidelines
.
Details:
Send Report
Go to the Sporcle.com Mobile Site →
Comments